Rituals of War (Record no. 575333)

MARC details
000 -LEADER
fixed length control field 00509nam a2200169Ia 4500
008 - FIXED-LENGTH DATA ELEMENTS--GENERAL INFORMATION
fixed length control field 250710s9999 xx 000 0 und d
020 ## - INTERNATIONAL STANDARD BOOK NUMBER
ISBN 9781890951849
082 ## - DEWEY DECIMAL CLASSIFICATION NUMBER
Classification number 935
Item number BAH
100 ## - MAIN ENTRY--AUTHOR NAME
Personal name Bahrani, Zainab
245 #0 - TITLE STATEMENT
Title Rituals of War
260 ## - PUBLICATION, DISTRIBUTION, ETC. (IMPRINT)
Name of publisher Princeton University Press
Year of publication 2008
300 ## - PHYSICAL DESCRIPTION
Number of Pages 288 pages
500 ## - GENERAL NOTE
General note Rituals of war and images of violence in Mesopotamia ca. 3000-500 BCE examined as "magical technologies of warfare."
650 ## - SUBJECT ADDED ENTRY--TOPICAL TERM
Topical Term Art
942 ## - ADDED ENTRY ELEMENTS (KOHA)
Koha item type English Books
Holdings
Withdrawn status Lost status Damaged status Not for loan Home library Current library Shelving location Date acquired Full call number Accession Number Price effective from Koha item type
        Anna Centenary Library Anna Centenary Library 7TH FLOOR, B WING 10.07.2025 935 BAH 463175 10.07.2025 English Books

Find us on the map